[Event "Stay Safe Play From Home 157"]
[Site "T#646177Emanuel Laske"]
[Date "2020.05.19"]
[Round "1"]
[White "BrainThinker22"]
[Black "Aditya_dpawn"]
[Result "1-0"]
[WhiteElo "2246"]
[BlackElo "1953"]
[Annotator "NA"]
[PlyCount "91"]
[EventDate "2020.05.19"]
[EventType "swiss (blitz)"]

1. e4 {[%emt 0:00:01]} c5 {[%emt 0:00:00]} 2. Nc3 {[%emt 0:00:01]} a6 {[%emt 0:00:01]} 3. g3 {[%emt 0:00:00]} b5 {[%emt 0:00:00]} 4. Bg2 {[%emt 0:00:00]} Bb7 {[%emt 0:00:00]} 5. a3 {[%emt 0:00:00]} h5 {[%emt 0:00:01]} 6. h3 {[%emt 0:00:01]} h4 {[%emt 0:00:01]} 7. g4 {[%emt 0:00:01]} b4 {[%emt 0:00:00]} 8. axb4 {[%emt 0:00:02]} cxb4 {[%emt 0:00:00]} 9. Nce2 {[%emt 0:00:00]} e6 {[%emt 0:00:00]} 10. d3 {[%emt 0:00:00]} d5 {[%emt 0:00:01]} 11. e5 {[%emt 0:00:01]} Ne7 {[%emt 0:00:01]} 12. f4 {[%emt 0:00:00]} Nbc6 {[%emt 0:00:02]} 13. Nf3 {[%emt 0:00:01]} Qc7 {[%emt 0:00:02]} 14. O-O {[%emt 0:00:01]} Ng6 {[%emt 0:00:01]} 15. c3 {[%emt 0:00:01]} a5 {[%emt 0:00:02]} 16. d4 {[%emt 0:00:02]} Ba6 {[%emt 0:00:02]} 17. f5 {[%emt 0:00:02]} Nge7 {[%emt 0:00:03]} 18. Ng5 {[%emt 0:00:03]} Qd7 {[%emt 0:00:04]} 19. Nxf7 {[%emt 0:00:07]} Bxe2 {[%emt 0:00:17]} 20. fxe6 {[%emt 0:00:09]} Qxe6 {[%emt 0:00:01]} 21. Qxe2 {[%emt 0:00:01]} Rg8 {[%emt 0:00:01]} 22. Nd6+ {[%emt 0:00:01]} Kd7 {[%emt 0:00:01]} 23. Qb5 {[%emt 0:00:04]} Rb8 {[%emt 0:00:02]} 24. Qa6 {[%emt 0:00:01]} g5 {[%emt 0:00:00]} 25. Rf6 {[%emt 0:00:02]} Qxf6 {[%emt 0:00:02]} 26. exf6 {[%emt 0:00:00]} Kxd6 {[%emt 0:00:00]} 27. fxe7 {[%emt 0:00:00]} Bxe7 {[%emt 0:00:00]} 28. Rxa5 {[%emt 0:00:03]} Ra8 {[%emt 0:00:01]} 29. Rxd5+ {[%emt 0:00:01]} Kc7 {[%emt 0:00:02]} 30. Qc4 {[%emt 0:00:02]} bxc3 {[%emt 0:00:03]} 31. bxc3 {[%emt 0:00:01]} Ra1 {[%emt 0:00:01]} 32. Rd7+ {[%emt 0:00:00]} Kxd7 {[%emt 0:00:02]} 33. Qxc6+ {[%emt 0:00:00]} Kd8 {[%emt 0:00:00]} 34. Qd5+ {[%emt 0:00:00]} Kc7 {[%emt 0:00:01]} 35. Qxg8 {[%emt 0:00:02]} Rxc1+ {[%emt 0:00:01]} 36. Kf2 {[%emt 0:00:00]} Bd6 {[%emt 0:00:00]} 37. Qf7+ {[%emt 0:00:02]} Kb6 {[%emt 0:00:00]} 38. Qc4 {[%emt 0:00:00]} Bg3+ {[%emt 0:00:00]} 39. Ke2 {[%emt 0:00:01]} Rc2+ {[%emt 0:00:01]} 40. Kd3 {[%emt 0:00:00]} Rxg2 {[%emt 0:00:00]} 41. Ke4 {[%emt 0:00:00]} Rd2 {[%emt 0:00:00]} 42. Kd5 {[%emt 0:00:00]} Re2 {[%emt 0:00:00]} 43. Qc5+ {[%emt 0:00:00]} Kb7 {[%emt 0:00:01]} 44. Kc4 {[%emt 0:00:00]} Kb8 {[%emt 0:00:00]} 45. Qb5+ {[%emt 0:00:00]} Kc8 {[%emt 0:00:01]} 46. Qd5 {[%emt 0:00:00] Time ' (Lag: Av=0.81s, max=1.3s)} 1-0

[Event "Stay Safe Play From Home 157"]
[Site "T#646177Emanuel Laske"]
[Date "2020.05.19"]
[Round "1"]
[White "Little champs"]
[Black "Jonas Eilenberg"]
[Result "1-0"]
[WhiteElo "2202"]
[BlackElo "1620"]
[Annotator "TA"]
[PlyCount "31"]
[EventDate "2020.05.19"]
[EventType "swiss (blitz)"]

{[%evp 1,1,33]} 1. d4 {Not much happened in this game.} {Predecessor:} Nf6 2. Nf3 d5 3. Bf4 e6 4. Nbd2 Bd6 5. Bg5 Be7 6. e3 {D03: 1 d4 d5 2 Nf3 Nf6 3 Bg5, including Torre Attack with early ...d5.} O-O 7. Bd3 b6 8. Qe2 Bb7 9. Bxf6 Bxf6 10. h4 Nd7 11. Ng5 h6 12. f4 c5 13. c3 Be7 14. g4 Nf6 15. a3 Rc8 16. Qg2 {½-½ (48) Carlsen,M (2863)-Ding,L (2791) chess24.com INT 2020} 1-0

[Event "Stay Safe Play From Home 157"]
[Site "T#646177Emanuel Laske"]
[Date "2020.05.19"]
[Round "1"]
[White "Fischer_11"]
[Black "Mepe_Nika"]
[Result "1-0"]
[WhiteElo "2138"]
[BlackElo "2319"]
[Annotator "NA"]
[PlyCount "77"]
[EventDate "2020.05.19"]
[EventType "swiss (blitz)"]

1. e4 {[%emt 0:00:02]} e5 {[%emt 0:00:01]} 2. Nc3 {[%emt 0:00:01]} Nf6 {[%emt 0:00:01]} 3. Bc4 {[%emt 0:00:00]} Bc5 {[%emt 0:00:03]} 4. d3 {[%emt 0:00:01]} Nc6 {[%emt 0:00:01]} 5. f4 {[%emt 0:00:00]} d6 {[%emt 0:00:02]} 6. Nf3 {[%emt 0:00:01]} exf4 {[%emt 0:00:01]} 7. Bxf4 {[%emt 0:00:01]} Be6 {[%emt 0:00:01]} 8. Bb5 {[%emt 0:00:01]} O-O {[%emt 0:00:01]} 9. d4 {[%emt 0:00:02]} Bb4 {[%emt 0:00:02]} 10. d5 {[%emt 0:00:01]} Nxe4 {[%emt 0:00:02]} 11. Bd2 {[%emt 0:00:08]} Bxc3 {[%emt 0:00:07]} 12. Bxc3 {[%emt 0:00:02]} Nxc3 {[%emt 0:00:01]} 13. bxc3 {[%emt 0:00:01]} Re8 {[%emt 0:00:03]} 14. dxe6 {[%emt 0:00:02]} Rxe6+ {[%emt 0:00:00]} 15. Kf2 {[%emt 0:00:01]} Ne5 {[%emt 0:00:01]} 16. Re1 {[%emt 0:00:02]} c6 {[%emt 0:00:05]} 17. Nxe5 {[%emt 0:00:02]} Qh4+ {[%emt 0:00:03]} 18. g3 {[%emt 0:00:02]} Qxh2+ {[%emt 0:00:02]} 19. Kf1 {[%emt 0:00:04]} dxe5 {[%emt 0:00:03]} 20. Re2 {[%emt 0:00:06]} Rf6+ {[%emt 0:00:05]} 21. Ke1 {[%emt 0:00:01]} Qg1+ {[%emt 0:00:02]} 22. Kd2 {[%emt 0:00:01]} Rd8+ {[%emt 0:00:01]} 23. Bd3 {[%emt 0:00:02]} Qxg3 {[%emt 0:00:02]} 24. Kc1 {[%emt 0:00:02]} c5 {[%emt 0:00:03]} 25. Kb2 {[%emt 0:00:02]} Rb6+ {[%emt 0:00:02]} 26. Kc1 {[%emt 0:00:02]} c4 {[%emt 0:00:00]} 27. Rb1 {[%emt 0:00:02]} Qf4+ {[%emt 0:00:01]} 28. Qd2 {[%emt 0:00:01]} cxd3 {[%emt 0:00:00]} 29. Qxf4 {[%emt 0:00:01]} exf4 {[%emt 0:00:01]} 30. Rd2 {[%emt 0:00:00]} Rxb1+ {[%emt 0:00:01]} 31. Kxb1 {[%emt 0:00:01]} f3 {[%emt 0:00:00]} 32. Rf2 {[%emt 0:00:03]} g5 {[%emt 0:00:01]} 33. cxd3 {[%emt 0:00:01]} g4 {[%emt 0:00:01]} 34. Kc2 {[%emt 0:00:00]} g3 {[%emt 0:00:01]} 35. Rf1 {[%emt 0:00:00]} g2 {[%emt 0:00:00]} 36. Rg1 {[%emt 0:00:00]} Kf8 {[%emt 0:00:02]} 37. Rxg2 {[%emt 0:00:00]} Re8 {[%emt 0:00:00]} 38. Rf2 {[%emt 0:00:00]} Re2+ {[%emt 0:00:00]} 39. Rxe2 {[%emt 0:00:00] Time (Lag: Av=0.27s, max=0.4s)} 1-0

[Event "Stay Safe Play From Home 157"]
[Site "T#646177Emanuel Laske"]
[Date "2020.05.19"]
[Round "1"]
[White "Weltszmerc"]
[Black "APConnection"]
[Result "1-0"]
[WhiteElo "2093"]
[BlackElo "1770"]
[PlyCount "131"]
[EventDate "2020.05.19"]
[EventType "swiss (blitz)"]

1. d4 {[%emt 0:00:02]} c5 {[%emt 0:00:00]} 2. d5 {[%emt 0:00:01]} Nf6 {[%emt 0:00:01]} 3. c4 {[%emt 0:00:00]} d6 {[%emt 0:00:01]} 4. Nc3 {[%emt 0:00:02]} g6 {[%emt 0:00:00]} 5. g3 {[%emt 0:00:00]} Bg7 {[%emt 0:00:00]} 6. Bg2 {[%emt 0:00:00]} O-O {[%emt 0:00:01]} 7. e4 {[%emt 0:00:00]} e6 {[%emt 0:00:01]} 8. Nf3 {[%emt 0:00:01]} e5 {[%emt 0:00:01]} 9. O-O {[%emt 0:00:01]} a6 {[%emt 0:00:00]} 10. Ne1 {[%emt 0:00:01]} Bg4 {[%emt 0:00:01]} 11. f3 {[%emt 0:00:01]} Bd7 {[%emt 0:00:01]} 12. a4 {[%emt 0:00:01]} h6 {[%emt 0:00:01]} 13. Nd3 {[%emt 0:00:01]} Kh7 {[%emt 0:00:00]} 14. f4 {[%emt 0:00:01]} Nh5 {[%emt 0:00:02]} 15. f5 {[%emt 0:00:02]} Nf6 {[%emt 0:00:06]} 16. h3 {[%emt 0:00:01]} Rg8 {[%emt 0:00:04]} 17. g4 {[%emt 0:00:01]} g5 {[%emt 0:00:02]} 18. Be3 {[%emt 0:00:03]} Ne8 {[%emt 0:00:01]} 19. a5 {[%emt 0:00:01]} f6 {[%emt 0:00:01]} 20. Na4 {[%emt 0:00:01]} Nc7 {[%emt 0:00:02]} 21. Nb6 {[%emt 0:00:01]} Ra7 {[%emt 0:00:00]} 22. h4 {[%emt 0:00:02]} Qe8 {[%emt 0:00:04]} 23. hxg5 {[%emt 0:00:01]} fxg5 {[%emt 0:00:01]} 24. Nxd7 {[%emt 0:00:01]} Qxd7 {[%emt 0:00:01]} 25. Kf2 {[%emt 0:00:01]} Bf6 {[%emt 0:00:01]} 26. Rh1 {[%emt 0:00:01]} Kg7 {[%emt 0:00:01]} 27. Ne1 {[%emt 0:00:01]} Rh8 {[%emt 0:00:01]} 28. Nf3 {[%emt 0:00:01]} Ne8 {[%emt 0:00:01]} 29. Qc2 {[%emt 0:00:01]} Qc7 {[%emt 0:00:01]} 30. Rh2 {[%emt 0:00:01]} Nd7 {[%emt 0:00:01]} 31. Qb3 {[%emt 0:00:01]} b6 {[%emt 0:00:02]} 32. axb6 {[%emt 0:00:01]} Qxb6 {[%emt 0:00:01]} 33. Qxb6 {[%emt 0:00:01]} Nxb6 {[%emt 0:00:00]} 34. b3 {[%emt 0:00:00]} Nxc4 {[%emt 0:00:00]} 35. bxc4 {[%emt 0:00:01]} a5 {[%emt 0:00:01]} 36. Kg3 {[%emt 0:00:01]} Nc7 {[%emt 0:00:01]} 37. Bf1 {[%emt 0:00:01]} Rha8 {[%emt 0:00:01]} 38. Rb2 {[%emt 0:00:01]} a4 {[%emt 0:00:00]} 39. Ra3 {[%emt 0:00:01]} Na6 {[%emt 0:00:02]} 40. Ne1 {[%emt 0:00:01]} Nb4 {[%emt 0:00:00]} 41. Nd3 {[%emt 0:00:01]} Nxd3 {[%emt 0:00:01]} 42. Bxd3 {[%emt 0:00:01]} Bd8 {[%emt 0:00:02]} 43. Kf3 {[%emt 0:00:01]} Ba5 {[%emt 0:00:01]} 44. Bd2 {[%emt 0:00:01]} Bb4 {[%emt 0:00:00]} 45. Bxb4 {[%emt 0:00:01]} cxb4 {[%emt 0:00:00]} 46. Rxb4 {[%emt 0:00:00]} h5 {[%emt 0:00:00]} 47. gxh5 {[%emt 0:00:01]} Kh6 {[%emt 0:00:00]} 48. Ke2 {[%emt 0:00:01]} Kxh5 {[%emt 0:00:00]} 49. Kd2 {[%emt 0:00:00]} Kg4 {[%emt 0:00:00]} 50. Kc3 {[%emt 0:00:00]} Kf3 {[%emt 0:00:00]} 51. Rb2 {[%emt 0:00:01]} Ke3 {[%emt 0:00:00]} 52. Bc2 {[%emt 0:00:00]} Kf4 {[%emt 0:00:00]} 53. Ra1 {[%emt 0:00:01]} g4 {[%emt 0:00:00]} 54. Rf1+ {[%emt 0:00:00]} Kg5 {[%emt 0:00:01]} 55. f6 {[%emt 0:00:00]} a3 {[%emt 0:00:01]} 56. Ra2 {[%emt 0:00:00]} Rf7 {[%emt 0:00:00]} 57. Kb3 {[%emt 0:00:02]} Rxf6 {[%emt 0:00:00]} 58. Rxa3 {[%emt 0:00:00]} Rxf1 {[%emt 0:00:01]} 59. Rxa8 {[%emt 0:00:01]} Rf3+ {[%emt 0:00:00]} 60. Kb4 {[%emt 0:00:01]} Kf4 {[%emt 0:00:00]} 61. Rg8 {[%emt 0:00:00]} Ke3 {[%emt 0:00:00]} 62. Rf8 {[%emt 0:00:00]} g3 {[%emt 0:00:00]} 63. c5 {[%emt 0:00:00]} Kd4 {[%emt 0:00:00]} 64. c6 {[%emt 0:00:01]} Rc3 {[%emt 0:00:01]} 65. c7 {[%emt 0:00:00]} Rxc2 {[%emt 0:00:00]} 66. Kb5 {[%emt 0:00:02] Zeit (Lag: Av=0.58s, max=1.0s)} 1-0

[Event "Stay Safe Play From Home 157"]
[Site "T#646177Emanuel Laske"]
[Date "2020.05.19"]
[Round "1"]
[White "Lazieri3"]
[Black "Justwatch"]
[Result "1-0"]
[WhiteElo "2076"]
[BlackElo "1612"]
[PlyCount "61"]
[EventDate "2020.05.19"]
[EventType "swiss (blitz)"]

1. e4 {[%emt 0:00:02]} Nf6 {[%emt 0:00:01]} 2. Nc3 {[%emt 0:00:01]} e5 {[%emt 0:00:02]} 3. Nf3 {[%emt 0:00:01]} d6 {[%emt 0:00:00]} 4. d4 {[%emt 0:00:01]} Nc6 {[%emt 0:00:00]} 5. dxe5 {[%emt 0:00:01]} dxe5 {[%emt 0:00:00]} 6. Qxd8+ {[%emt 0:00:01]} Kxd8 {[%emt 0:00:01]} 7. Bc4 {[%emt 0:00:00]} Bd6 {[%emt 0:00:01]} 8. Bxf7 {[%emt 0:00:02]} Bg4 {[%emt 0:00:01]} 9. Bg5 {[%emt 0:00:02]} Bxf3 {[%emt 0:00:01]} 10. gxf3 {[%emt 0:00:01]} Nd4 {[%emt 0:00:02]} 11. O-O-O {[%emt 0:00:06]} Ke7 {[%emt 0:00:03]} 12. Bb3 {[%emt 0:00:03]} Nxf3 {[%emt 0:00:02]} 13. Bxf6+ {[%emt 0:00:02]} gxf6 {[%emt 0:00:01]} 14. Nd5+ {[%emt 0:00:02]} Kf7 {[%emt 0:00:03]} 15. Nxc7+ {[%emt 0:00:01]} Kg7 {[%emt 0:00:00]} 16. Nxa8 {[%emt 0:00:01]} Bb8 {[%emt 0:00:03]} 17. Rd7+ {[%emt 0:00:01]} Kg6 {[%emt 0:00:01]} 18. Rxb7 {[%emt 0:00:05]} Bd6 {[%emt 0:00:04]} 19. Nc7 {[%emt 0:00:02]} Bc5 {[%emt 0:00:01]} 20. Ne6 {[%emt 0:00:01]} Bxf2 {[%emt 0:00:02]} 21. Rg7+ {[%emt 0:00:02]} Kh6 {[%emt 0:00:02]} 22. Rf7 {[%emt 0:00:02]} Bh4 {[%emt 0:00:03]} 23. Rf1 {[%emt 0:00:02]} Nxh2 {[%emt 0:00:03]} 24. R1xf6+ {[%emt 0:00:01]} Bxf6 {[%emt 0:00:01]} 25. Rxf6+ {[%emt 0:00:00]} Kh5 {[%emt 0:00:00]} 26. Rf5+ {[%emt 0:00:01]} Kh4 {[%emt 0:00:02]} 27. Rxe5 {[%emt 0:00:01]} Nf3 {[%emt 0:00:02]} 28. Rf5 {[%emt 0:00:01]} Rg8 {[%emt 0:00:00]} 29. Rxf3 {[%emt 0:00:01]} Rg1+ {[%emt 0:00:03]} 30. Kd2 {[%emt 0:00:01]} Rg2+ {[%emt 0:00:00]} 31. Ke3 {[%emt 0:00:01] Zaman (Lag: Av=0.50s, max=1.0s)} 1-0

[Event "Stay Safe Play From Home 157"]
[Site "T#646177Emanuel Laske"]
[Date "2020.05.19"]
[Round "1"]
[White "Ionutn28"]
[Black "SoulofWolf"]
[Result "0-1"]
[WhiteElo "1714"]
[BlackElo "2120"]
[Annotator "NA"]
[PlyCount "96"]
[EventDate "2020.05.19"]
[EventType "swiss (blitz)"]

1. e4 {[%emt 0:00:01]} c6 {[%emt 0:00:00]} 2. d3 {[%emt 0:00:01]} d5 {[%emt 0:00:00]} 3. Nd2 {[%emt 0:00:01]} Nd7 {[%emt 0:00:01]} 4. Ngf3 {[%emt 0:00:04]} Qc7 {[%emt 0:00:00]} 5. g3 {[%emt 0:00:01]} g6 {[%emt 0:00:01]} 6. Bg2 {[%emt 0:00:00]} Bg7 {[%emt 0:00:01]} 7. O-O {[%emt 0:00:00]} e5 {[%emt 0:00:00]} 8. Re1 {[%emt 0:00:01]} Ne7 {[%emt 0:00:00]} 9. Nf1 {[%emt 0:00:01]} O-O {[%emt 0:00:00]} 10. h4 {[%emt 0:00:01]} h6 {[%emt 0:00:00]} 11. Be3 {[%emt 0:00:01]} f5 {[%emt 0:00:01]} 12. exf5 {[%emt 0:00:01]} Nxf5 {[%emt 0:00:00]} 13. Qd2 {[%emt 0:00:02]} Kh7 {[%emt 0:00:01]} 14. N1h2 {[%emt 0:00:02]} Re8 {[%emt 0:00:03]} 15. d4 {[%emt 0:00:01]} e4 {[%emt 0:00:02]} 16. h5 {[%emt 0:00:03]} exf3 {[%emt 0:00:06]} 17. hxg6+ {[%emt 0:00:03]} Kxg6 {[%emt 0:00:03]} 18. Bxf3 {[%emt 0:00:02]} Nf6 {[%emt 0:00:00]} 19. Qd3 {[%emt 0:00:04]} Ne4 {[%emt 0:00:01]} 20. Ng4 {[%emt 0:00:03]} Kf7 {[%emt 0:00:02]} 21. Bf4 {[%emt 0:00:07]} Qd8 {[%emt 0:00:06]} 22. Bxe4 {[%emt 0:00:01]} dxe4 {[%emt 0:00:00]} 23. Rxe4 {[%emt 0:00:01]} Rxe4 {[%emt 0:00:01]} 24. Qxe4 {[%emt 0:00:00]} Qe7 {[%emt 0:00:00]} 25. Qxe7+ {[%emt 0:00:02]} Nxe7 {[%emt 0:00:02]} 26. Nxh6+ {[%emt 0:00:02]} Kg6 {[%emt 0:00:02]} 27. Ng4 {[%emt 0:00:02]} Bxg4 {[%emt 0:00:00]} 28. f3 {[%emt 0:00:01]} Bd7 {[%emt 0:00:01]} 29. Kf2 {[%emt 0:00:00]} Rf8 {[%emt 0:00:02]} 30. Re1 {[%emt 0:00:00]} Nd5 {[%emt 0:00:01]} 31. Bd2 {[%emt 0:00:00]} Bg4 {[%emt 0:00:01]} 32. c3 {[%emt 0:00:00]} Bxf3 {[%emt 0:00:01]} 33. Kg1 {[%emt 0:00:01]} b5 {[%emt 0:00:02]} 34. Re6+ {[%emt 0:00:02]} Rf6 {[%emt 0:00:01]} 35. Re8 {[%emt 0:00:01]} a5 {[%emt 0:00:02]} 36. Re1 {[%emt 0:00:00]} a4 {[%emt 0:00:00]} 37. Kh2 {[%emt 0:00:01]} Bg4 {[%emt 0:00:01]} 38. b3 {[%emt 0:00:00]} Re6 {[%emt 0:00:01]} 39. Rxe6+ {[%emt 0:00:01]} Bxe6 {[%emt 0:00:00]} 40. c4 {[%emt 0:00:00]} bxc4 {[%emt 0:00:00]} 41. bxc4 {[%emt 0:00:00]} Nb6 {[%emt 0:00:00]} 42. Bc3 {[%emt 0:00:01]} Nxc4 {[%emt 0:00:01]} 43. d5 {[%emt 0:00:00]} Bxd5 {[%emt 0:00:00]} 44. Bxg7 {[%emt 0:00:01]} Kxg7 {[%emt 0:00:00]} 45. g4 {[%emt 0:00:00]} Kg6 {[%emt 0:00:00]} 46. Kg3 {[%emt 0:00:00]} Kg5 {[%emt 0:00:00]} 47. Kf2 {[%emt 0:00:00]} Be6 {[%emt 0:00:00] .} 48. Ke2 {[%emt 0:00:01]} Bxg4+ {[%emt 0:00:00]} 0-1

[Event "Stay Safe Play From Home 157"]
[Site "T#646177Emanuel Laske"]
[Date "2020.05.19"]
[Round "1"]
[White "Haris kollari 13"]
[Black "Lamborghini"]
[Result "0-1"]
[WhiteElo "1688"]
[BlackElo "2333"]
[Annotator "NA"]
[PlyCount "80"]
[EventDate "2020.05.19"]
[EventType "swiss (blitz)"]

1. e4 {[%emt 0:00:01]} c5 {[%emt 0:00:01]} 2. Nf3 {[%emt 0:00:00]} d6 {[%emt 0:00:01]} 3. d4 {[%emt 0:00:00]} cxd4 {[%emt 0:00:01]} 4. Nxd4 {[%emt 0:00:00]} Nf6 {[%emt 0:00:00]} 5. Nc3 {[%emt 0:00:00]} g6 {[%emt 0:00:00]} 6. f4 {[%emt 0:00:01]} Bg7 {[%emt 0:00:00]} 7. Be3 {[%emt 0:00:01]} O-O {[%emt 0:00:00]} 8. Be2 {[%emt 0:00:01]} Nc6 {[%emt 0:00:00]} 9. Qd2 {[%emt 0:00:01]} Qa5 {[%emt 0:00:02]} 10. Nb3 {[%emt 0:00:03]} Qc7 {[%emt 0:00:02]} 11. O-O-O {[%emt 0:00:01]} a5 {[%emt 0:00:01]} 12. h3 {[%emt 0:00:01]} a4 {[%emt 0:00:01]} 13. Nd4 {[%emt 0:00:01]} a3 {[%emt 0:00:01]} 14. Ncb5 {[%emt 0:00:01]} Qb8 {[%emt 0:00:02]} 15. Nxa3 {[%emt 0:00:02]} Nxe4 {[%emt 0:00:02]} 16. Qd3 {[%emt 0:00:02]} Ng3 {[%emt 0:00:01]} 17. Rhg1 {[%emt 0:00:02]} Nxd4 {[%emt 0:00:05]} 18. Bxd4 {[%emt 0:00:04]} Bxd4 {[%emt 0:00:01]} 19. Qxg3 {[%emt 0:00:03]} Bxg1 {[%emt 0:00:02]} 20. Rxg1 {[%emt 0:00:01]} d5 {[%emt 0:00:02]} 21. Bd3 {[%emt 0:00:02]} Qd6 {[%emt 0:00:02]} 22. h4 {[%emt 0:00:03]} h5 {[%emt 0:00:02]} 23. Qf3 {[%emt 0:00:02]} Bg4 {[%emt 0:00:02]} 24. Qe3 {[%emt 0:00:01]} e6 {[%emt 0:00:02]} 25. Nb1 {[%emt 0:00:03]} Rxa2 {[%emt 0:00:02]} 26. Nc3 {[%emt 0:00:03]} Ra1+ {[%emt 0:00:01]} 27. Kd2 {[%emt 0:00:01]} Rxg1 {[%emt 0:00:02]} 28. Qxg1 {[%emt 0:00:01]} Qxf4+ {[%emt 0:00:01]} 29. Qe3 {[%emt 0:00:03]} Qxe3+ {[%emt 0:00:01]} 30. Kxe3 {[%emt 0:00:00]} Rd8 {[%emt 0:00:01]} 31. Nb5 {[%emt 0:00:01]} f6 {[%emt 0:00:01]} 32. Bxg6 {[%emt 0:00:02]} Kg7 {[%emt 0:00:01]} 33. Bd3 {[%emt 0:00:01]} e5 {[%emt 0:00:01]} 34. g3 {[%emt 0:00:01]} f5 {[%emt 0:00:01]} 35. Nc7 {[%emt 0:00:02]} d4+ {[%emt 0:00:00]} 36. Kf2 {[%emt 0:00:02]} Kf6 {[%emt 0:00:00]} 37. Nb5 {[%emt 0:00:01]} e4 {[%emt 0:00:01]} 38. Bc4 {[%emt 0:00:01]} e3+ {[%emt 0:00:00]} 39. Ke1 {[%emt 0:00:01]} Rc8 {[%emt 0:00:01]} 40. b3 {[%emt 0:00:01]} f4 {[%emt 0:00:01] Time (Lag: Av=0.32s, max=0.6s)} 0-1

[Event "Stay Safe Play From Home 157"]
[Site "T#646177Emanuel Laske"]
[Date "2020.05.19"]
[Round "1"]
[White "Trotsky"]
[Black "Toosieslide"]
[Result "0-1"]
[WhiteElo "1579"]
[BlackElo "2149"]
[Annotator "TA"]
[PlyCount "58"]
[EventDate "2020.05.19"]
[EventType "swiss (blitz)"]

{[%evp 11,58,0,18,0,57,-21,15,-66,8,-84,-89,-207,-208,-216,-227,-154,-97,-156,-178,-266,-263,-260,-226,-272,-62,-286,-272,-282,-275,-341,-318,-315,-293,-333,-268,-278,-271,-314,-280,-417,-416,-520,-512,-515,-507,-710,-696,-706,-702]} 1. d4 d5 2. e3 c6 3. c4 Nf6 4. Nc3 e6 5. Bd3 Nbd7 6. Nf3 b6 7. Qc2 {D46: Semi-Slav: 5 e3 Nbd7 6 Bd3, Black avoids the Meran.} Bd6 (7... Bb7 $11) 8. Bd2 (8. cxd5 $14 cxd5 9. Nb5 Bb4+ 10. Bd2 Bxd2+ 11. Nxd2 (11. Kxd2 O-O $14)) 8... Bb7 {[#]} 9. h4 $146 (9. cxd5 $11 Nxd5 10. Nxd5 cxd5 11. O-O) ({Predecessor:} 9. cxd5 exd5 10. e4 dxe4 11. Nxe4 Be7 12. O-O O-O 13. Ne5 c5 14. Nxd7 Nxd7 15. dxc5 {1-0 (30) Uhlmann,W (2358)-Rodriguez Vargas,O (2403) Rogaska Slatina 2012}) 9... Qc7 (9... dxc4 $15 10. Bxc4 c5) 10. Ng5 (10. cxd5 $11 exd5 11. Rc1) 10... h6 $17 11. O-O-O (11. Nf3 $17) 11... hxg5 $19 12. hxg5 Rxh1 13. Rxh1 Ng8 (13... dxc4 $142 14. Rh8+ Bf8 15. Bxc4 Nd5) 14. Rh8 (14. Rh7 $142) 14... O-O-O $17 15. Rh1 (15. cxd5 {might work better.} exd5 16. Rh7) 15... Ne7 $19 16. Kb1 g6 17. Rc1 Nf5 $2 ({Better is} 17... Kb8 $19 {Hoping for ...dxc4.} 18. Rh1 dxc4 19. Bxc4 Nd5) 18. Qa4 $2 {[#] White does not recover from this.} (18. cxd5 $15 Kb8 19. Qb3) 18... dxc4 $1 19. Bxc4 Kb8 20. Ba6 Bxa6 21. Qxa6 {intending g4.} Qb7 22. Qa4 Rc8 23. g4 Ne7 24. e4 e5 {Strongly threatening ...b5.} 25. d5 (25. Be3 {was necessary.}) 25... cxd5 26. Nb5 Bc5 {Black is clearly winning.} 27. exd5 Nxd5 28. Be3 Nxe3 29. fxe3 a6 {Accuracy: White = 21%, Black = 54%.} 0-1

[Event "Stay Safe Play From Home 157"]
[Site "T#646177Emanuel Laske"]
[Date "2020.05.19"]
[Round "1"]
[White "Parth11"]
[Black "SecantFX"]
[Result "0-1"]
[WhiteElo "1369"]
[BlackElo "1899"]
[Annotator "NA"]
[PlyCount "102"]
[EventDate "2020.05.19"]
[EventType "swiss (blitz)"]

1. e4 {[%emt 0:00:02]} b6 {[%emt 0:00:00]} 2. d3 {[%emt 0:00:00]} Bb7 {[%emt 0:00:00]} 3. c3 {[%emt 0:00:00]} c6 {[%emt 0:00:00]} 4. Be3 {[%emt 0:00:00]} g6 {[%emt 0:00:00]} 5. Nf3 {[%emt 0:00:00]} Bg7 {[%emt 0:00:00]} 6. Nbd2 {[%emt 0:00:00]} f6 {[%emt 0:00:00]} 7. Qc2 {[%emt 0:00:00]} d6 {[%emt 0:00:00]} 8. Be2 {[%emt 0:00:01]} e5 {[%emt 0:00:01]} 9. Kd1 {[%emt 0:00:01]} Ne7 {[%emt 0:00:01]} 10. d4 {[%emt 0:00:02]} O-O {[%emt 0:00:00]} 11. dxe5 {[%emt 0:00:02]} dxe5 {[%emt 0:00:02]} 12. Ke1 {[%emt 0:00:01]} Qc7 {[%emt 0:00:01]} 13. g4 {[%emt 0:00:00]} c5 {[%emt 0:00:01]} 14. h4 {[%emt 0:00:02]} Bc8 {[%emt 0:00:01]} 15. h5 {[%emt 0:00:05]} Bxg4 {[%emt 0:00:02]} 16. Kf1 {[%emt 0:00:02]} g5 {[%emt 0:00:04]} 17. Qb3+ {[%emt 0:00:02]} Rf7 {[%emt 0:00:04]} 18. Bc4 {[%emt 0:00:03]} Nec6 {[%emt 0:00:02]} 19. Bxf7+ {[%emt 0:00:02]} Qxf7 {[%emt 0:00:00]} 20. Qxf7+ {[%emt 0:00:01]} Kxf7 {[%emt 0:00:00]} 21. Ke2 {[%emt 0:00:00]} h6 {[%emt 0:00:01]} 22. Rad1 {[%emt 0:00:00]} Na6 {[%emt 0:00:03]} 23. Nc4 {[%emt 0:00:01]} Bf8 {[%emt 0:00:06]} 24. Nd6+ {[%emt 0:00:01]} Bxd6 {[%emt 0:00:01]} 25. Rxd6 {[%emt 0:00:00]} Ne7 {[%emt 0:00:01]} 26. Rhd1 {[%emt 0:00:03]} Nc7 {[%emt 0:00:01]} 27. Rd8 {[%emt 0:00:06]} Rxd8 {[%emt 0:00:02]} 28. Rxd8 {[%emt 0:00:00]} Ne6 {[%emt 0:00:01]} 29. Rd2 {[%emt 0:00:00]} Nf4+ {[%emt 0:00:01]} 30. Bxf4 {[%emt 0:00:01]} gxf4 {[%emt 0:00:00]} 31. Rd3 {[%emt 0:00:01]} Ke6 {[%emt 0:00:01]} 32. c4 {[%emt 0:00:02]} f5 {[%emt 0:00:01]} 33. exf5+ {[%emt 0:00:05]} Nxf5 {[%emt 0:00:01]} 34. Kf1 {[%emt 0:00:04]} e4 {[%emt 0:00:01]} 35. Rd8 {[%emt 0:00:06]} Bxf3 {[%emt 0:00:03]} 36. Re8+ {[%emt 0:00:00]} Kd6 {[%emt 0:00:01]} 37. Ra8 {[%emt 0:00:00]} a5 {[%emt 0:00:01]} 38. Ra7 {[%emt 0:00:00]} Kc6 {[%emt 0:00:01]} 39. Rf7 {[%emt 0:00:02]} Bg4 {[%emt 0:00:01]} 40. Rf6+ {[%emt 0:00:00]} Kb7 {[%emt 0:00:01]} 41. Rf7+ {[%emt 0:00:01]} Ka6 {[%emt 0:00:01]} 42. Rg7 {[%emt 0:00:00]} Bxh5 {[%emt 0:00:01]} 43. Ke1 {[%emt 0:00:01] .} Nxg7 {[%emt 0:00:01]} 44. Kd2 {[%emt 0:00:01]} Bf7 {[%emt 0:00:00]} 45. Ke1 {[%emt 0:00:00]} Bxc4 {[%emt 0:00:01]} 46. f3 {[%emt 0:00:00]} Bxa2 {[%emt 0:00:00]} 47. Kf2 {[%emt 0:00:00]} e3+ {[%emt 0:00:01]} 48. Ke2 {[%emt 0:00:01]} Bc4+ {[%emt 0:00:00]} 49. Ke1 {[%emt 0:00:01]} e2 {[%emt 0:00:00]} 50. Kd2 {[%emt 0:00:01]} Nf5 {[%emt 0:00:00]} 51. Ke1 {[%emt 0:00:00]} Nh4 {[%emt 0:00:01] Time (Lag: Av=2.89s, max=10.3s)} 0-1